Shakespeare survey Shakespeare, sound and screen

Guardat en:
Dades bibliogràfiques
Autor principal: Holland ,Peter
Format: Llibre
Idioma:anglès
Publicat: Cambridge university press 2008
Etiquetes: Afegir etiqueta
Sense etiquetes, Sigues el primer a etiquetar aquest registre!

MARC

LEADER 00000nam a22000007a 4500
008 210712b ||||| |||| 00| 0 eng d
020 |a 9781107654808 
100 |a Holland ,Peter 
245 |a Shakespeare survey   |b Shakespeare, sound and screen  |c edited by Peter Holland  |g x,415p 
260 |b Cambridge university press   |c 2008  |h New York  |i 696443  |i 696444  |l PR2899.Sh1  |m Shakespeare , William,1564-1616- criticism and interpretation  |m Shakespeare, William 1964-1616 -Film adaptations  |m Shakespeare, William,1964-1616-Radio and television plays  |m Shakespeare, William 1564-1616-stage history 
942 |a lcc  |c BK  |e Olagoke, M.A  |f 12/07/2021 
952 |0 0  |1 0  |2 lcc  |4 0  |6 PR2899 S H1  |7 0  |9 2747  |a HOL  |b ART  |c LP  |d 2021-07-12  |o PR2899.Sh1  |p 2021-6594  |r 2021-07-12 00:00:00  |w 2021-07-12  |y BK 
952 |0 0  |1 0  |2 lcc  |4 0  |6 PR2899 S H1  |7 0  |9 2748  |a HOL  |b HOL  |c LP  |d 2021-07-12  |o PR2899.Sh1  |p 2021-6595  |r 2021-07-12 00:00:00  |w 2021-07-12  |y BK 
999 |c 1433  |d 1433